Remember, Remember the 5th of November - Statistics

General Stats
  • This quiz has been taken 25 times
  • The average score is 3 of 10
Answer Stats
Hint Answer % Correct
Remember, remember, the ____ of_____ 5th, November
100%
Gunpowder, ____ and ____ treason, plot
62%
Should ever be ____ forgot
43%
I know of no ____ why ____ ____ reason, gunpowder treason
29%
To blow up the ____ and ____ King, Parliament
14%
Guy Fawkes, Guy Fawkes, ____ ____ ____ 'twas his intent
10%
With a ____ ____ and burning ____ dark lantern, match
5%
Poor old ____ to ____ England, overthrow
5%
But by ____ ____ he was ____ God's provenance, catch'd
5%
____ ____ barrels of powder ____ three score, below
5%
No matching quizzes found
Score Distribution
Percent of People with Each Score
Percentile by Number Answered
Your Score History
You have not taken this quiz